[Event "Challenge"]
[Site "http://www.queenalice.com/game.php?id=448076"]
[Date "2008.8.13"]
[Round "-"]
[White "kingmartinIII"]
[Black "jettz"]
[Result "1-0"]
[WhiteElo "1500"]
[BlackElo "1100"]

1. e4 h5 2. d4 a5 3. c4 g5 4. b3 g4 5. f3 d6 6. c5 gxf3 7. Nxf3 dxc5 8. dxc5 Bd7
9. Bc4 h4 10. Bg5 f6 11. Be3 Nh6 12. Nxh4 Ng4 13. Nf5 Nxe3 14. Nxe3 c6 15. Nf5
Bh6 16. Qh5+ Kf8 17. Qf7# 1-0

[Event "Challenge"]
[Site "http://www.queenalice.com/game.php?id=460155"]
[Date "2008.9.8"]
[Round "-"]
[White "kingmartinIII"]
[Black "jettz"]
[Result "1-0"]
[WhiteElo "1500"]
[BlackElo "1100"]

1. e4 e5 2. d4 exd4 3. Qxd4 b5 4. g3 b4 5. Qxb4 Nc6 6. Qd2 Nb8 7. b3 Nc6 8. Bb5
Nce7 9. Nf3 g5 10. Nxg5 f6 11. Nf3 Bh6 12. Qe2 Ng6 13. h4 N8e7 14. Be3 Bg7 15.
h5 Ne5 16. Bd4 Bh6 17. Bxe5 Ng8 18. Bd4 Bf8 19. O-O Bb4 20. a3 Ba5 21. b4 Bxb4
22. axb4 Nh6 23. Nc3 Ng4 24. Nh4 a6 25. Bc4 d6 26. Nf5 Kf8 27. Qxg4 Bd7 28. Qg7+
Ke8 29. Qxh8# 1-0

[Event "Challenge"]
[Site "http://www.queenalice.com/game.php?id=519677"]
[Date "2009.1.9"]
[Round "-"]
[White "kingmartinIII"]
[Black "jettz"]
[Result "1-0"]
[WhiteElo "1500"]
[BlackElo "1100"]

1. e4 c5 2. c4 g6 3. b3 b6 4. Bb2 f6 5. g3 Bh6 6. Bg2 Bb7 7. f3 Ba6 8. f4 Nc6 9.
e5 d5 10. Bxd5 Nb4 11. Bxa8 Nd3+ 12. Kf1 Nxb2 13. Qc1 Nd3 14. Qd1 Qxa8 15. Nf3
Qxf3+ 16. Qxf3 Nc1 17. Nc3 e6 18. Qc6+ Ke7 19. Qd6+ Ke8 20. Rxc1 Bf8 21. Qb8+
Kd7 22. Qxa7+ Ke8 23. Qxa6 Ne7 24. Qxb6 Kf7 25. Nb5 Kg7 26. Kg2 Nf5 27. d4 Ne3+
28. Kh3 Kf7 29. dxc5 Nf5 30. Qd8 Kg7 31. Qxf6+ Kg8 32. Rcd1 Bg7 33. Rd8+ 1-0

[Event "Challenge"]
[Site "http://www.queenalice.com/game.php?id=535145"]
[Date "2009.2.5"]
[Round "-"]
[White "nelson_cxc"]
[Black "jettz"]
[Result "1-0"]
[WhiteElo "1664"]
[BlackElo "1100"]

1. d4 g6 2. c4 d6 3. b3 Bf5 4. Bb2 Bh6 5. Nd2 Nf6 6. f3 Nh5 7. g4 Nf4 8. gxf5
gxf5 9. Qc2 Bg5 10. d5 Bh4+ 11. Kd1 Bf2 12. Bxh8 Na6 13. Nh3 Nh5 14. Nxf2 Nc5
15. Qxf5 e6 16. dxe6 Na6 17. Qxf7# 1-0

[Event "Challenge"]
[Site "http://www.queenalice.com/game.php?id=549203"]
[Date "2009.3.2"]
[Round "-"]
[White "kingmartinIII"]
[Black "jettz"]
[Result "1-0"]
[WhiteElo "1500"]
[BlackElo "1100"]

1. e4 b5 2. g3 Bb7 3. Bg2 g5 4. b3 Bg7 5. c3 Be5 6. Nf3 Bd6 7. e5 Bc5 8. a4 bxa4
9. Rxa4 g4 10. Ng5 Nh6 11. Bxb7 c6 12. Bxa8 f6 13. Ne4 d6 14. O-O Nf5 15. Qxg4
Nh6 16. Qg7 Nd7 17. Bxc6 Rf8 18. Qxh6 dxe5 19. b4 Bb6 20. d3 f5 21. Nc5 Rf6 22.
Qxh7 Rf7 23. Qg6 Kf8 24. Nxd7+ Ke8 25. Nxe5+ Kf8 26. Qxf7# 1-0

[Event "Challenge"]
[Site "http://www.queenalice.com/game.php?id=569884"]
[Date "2009.4.10"]
[Round "-"]
[White "kingmartinIII"]
[Black "jettz"]
[Result "1-0"]
[WhiteElo "1500"]
[BlackElo "1100"]

1. e4 e5 2. d4 Bb4+ 3. c3 Ba5 4. b4 Bb6 5. a4 Na6 6. b5 Nb8 7. Be3 d6 8. dxe5
Ba5 9. Bc4 Kf8 10. Nf3 Ne7 11. O-O Ng6 12. Ng5 Nh4 13. Nxf7 Qe8 14. Nxh8 Bb6 15.
Nd2 Ba5 16. Bg5 Bxc3 17. Rc1 Bb2 18. Rc2 Bd4 19. Bf7 Qd7 20. Qh5 Nxg2 21. Qxh7
Bxf2+ 22. Rxf2 Qxf7 23. Rxf7+ Ke8 24. Qg8# 1-0

[Event "Challenge"]
[Site "http://www.queenalice.com/game.php?id=583014"]
[Date "2009.5.4"]
[Round "-"]
[White "benjobench"]
[Black "jettz"]
[Result "1-0"]
[WhiteElo "1675"]
[BlackElo "1100"]

1. c4 e5 2. Nc3 Bc5 3. Nf3 e4 4. Nxe4 Bb4 5. a3 Be7 6. g3 Nh6 7. d3 Na6 8. Bg2
b6 9. Bxh6 gxh6 10. O-O Bb7 11. Ned2 Bc5 12. d4 Bxd4 13. Nxd4 Nc5 14. Qc2 Ba6
15. Bxa8 Qxa8 16. Qf5 c6 17. Qf6 b5 18. Nf5 bxc4 19. Qe7# 1-0

[Event "Challenge"]
[Site "http://www.queenalice.com/game.php?id=588120"]
[Date "2009.5.14"]
[Round "-"]
[White "kingmartinIII"]
[Black "jettz"]
[Result "1-0"]
[WhiteElo "1500"]
[BlackElo "1100"]

1. e4 e5 2. d4 d5 3. dxe5 dxe4 4. Nc3 Bf5 5. g4 Bxg4 6. Qxg4 Na6 7. Nxe4 Bb4+ 8.
c3 Ba5 9. Bc4 b5 10. Bxb5+ Qd7 11. Qxd7+ Kf8 12. Bxa6 Nh6 13. Nf3 Ng4 14. Qxg4
Rg8 15. Bc4 Re8 16. O-O Bb6 17. Qf4 c6 18. Qxf7# 1-0

[Event "Challenge"]
[Site "http://www.queenalice.com/game.php?id=601340"]
[Date "2009.6.10"]
[Round "-"]
[White "kingmartinIII"]
[Black "jettz"]
[Result "1-0"]
[WhiteElo "1500"]
[BlackElo "1100"]

1. e4 d6 2. d4 g6 3. d5 b6 4. b3 h5 5. Bb2 Rh7 6. Bd3 a6 7. Nf3 Bg4 8. O-O Bh6
9. Qe1 a5 10. Nd4 Ra7 11. Bb5+ Kf8 12. f3 Bg5 13. Nc6 Qc8 14. Nxa7 Qd8 15. fxg4
hxg4 16. Nc6 Qc8 17. e5 Nh6 18. exd6 exd6 19. Na3 Nf5 20. g3 Rh8 21. Bxh8 f6 22.
Bd3 Kg8 23. Ne7+ Nxe7 24. Qxe7 Bh6 25. Bxg6 Kxh8 26. Qh7# 1-0

[Event "Challenge"]
[Site "http://www.queenalice.com/game.php?id=614746"]
[Date "2009.7.7"]
[Round "-"]
[White "CHESSKING5"]
[Black "jettz"]
[Result "1-0"]
[WhiteElo "1339"]
[BlackElo "1100"]

1. e4 b6 2. Bb5 g5 3. Bc4 e5 4. b3 Bh6 5. Bb2 d6 6. Nf3 Bb7 7. d3 g4 8. Nh4 Nf6
9. Nf5 Bg5 10. Ng7+ Ke7 11. f3 h5 12. Nf5+ Kd7 13. Bd5 c6 14. Bxf7 Rh7 15. Bg6
Rh6 16. Nxh6 Na6 17. Bxh5 Nxh5 18. Nf7 Qc7 19. Nxg5 Nf4 20. Rg1 Nc5 21. fxg4 Ba6
22. b4 Nce6 23. Nh7 Bb5 24. g5 Ba4 25. h4 a5 26. Nf6+ Kd8 27. h5 Nxh5 28. Nxh5
Nxg5 29. Rf1 axb4 30. Rf8+ Ke7 31. Rxa8 Bxc2 32. Qxc2 Qd7 33. Qf2 Ne6 34. Qg3 c5
35. Qg6 Qb7 36. Qe8# 1-0

[Event "Challenge"]
[Site "http://www.queenalice.com/game.php?id=618531"]
[Date "2009.7.14"]
[Round "-"]
[White "kingmartinIII"]
[Black "jettz"]
[Result "1-0"]
[WhiteElo "1500"]
[BlackElo "1100"]

1. e4 Nh6 2. e5 Nc6 3. d4 Ng4 4. Qxg4 b5 5. d5 Na5 6. Bd2 Nc4 7. b3 Nb2 8. Bxb5
g6 9. Bc3 Nd1 10. Qxd1 Bb7 11. e6 Bxd5 12. exd7+ Qxd7 13. Bxd7+ Kxd7 14. Qxd5+
Kc8 15. Qxa8+ Kd7 16. Bxh8 Bh6 17. Qxa7 Ke6 18. Nf3 Bf4 19. O-O Kd5 20. Qd4+ 1-0

[Event "Challenge"]
[Site "http://www.queenalice.com/game.php?id=639431"]
[Date "2009.8.20"]
[Round "-"]
[White "kingmartinIII"]
[Black "jettz"]
[Result "1-0"]
[WhiteElo "1463"]
[BlackElo "1088"]

1. e4 d6 2. d4 Nf6 3. e5 Ne4 4. f3 Nf6 5. exf6 gxf6 6. d5 Nd7 7. c4 Ne5 8. f4
Ng4 9. h3 Nh6 10. Bd3 Bd7 11. Nf3 Ba4 12. Qxa4+ c6 13. O-O f5 14. Re1 f6 15.
dxc6 bxc6 16. Qxc6+ Kf7 17. Qd5+ Kg7 18. Nh4 e6 19. Qxe6 Be7 20. Nxf5+ Kg6 21.
Nxe7+ Kh5 22. Qe2+ Kh4 23. Qf2+ Kh5 24. g4+ Nxg4 25. Qg3 Nh6 26. f5 Re8 27. Be2+
Ng4 28. Qxg4# 1-0

[Event "Challenge"]
[Site "http://www.queenalice.com/game.php?id=650682"]
[Date "2009.9.11"]
[Round "-"]
[White "jettz"]
[Black "CHESSKING5"]
[Result "0-1"]
[WhiteElo "1086"]
[BlackElo "1353"]

1. d4 b6 2. Bf4 d6 3. e4 f6 4. Bb5+ Bd7 5. c4 g5 6. Be3 e5 7. Nf3 h5 8. a4 g4 9.
Nfd2 Bh6 10. f4 exf4 11. Bf2 g3 12. Bg1 c6 13. Ba6 Nxa6 14. h4 Bg4 15. Qc1 Nb4
0-1

[Event "Challenge"]
[Site "http://www.queenalice.com/game.php?id=658233"]
[Date "2009.9.26"]
[Round "-"]
[White "kingmartinIII"]
[Black "jettz"]
[Result "1-0"]
[WhiteElo "1454"]
[BlackElo "1078"]

1. e4 h5 2. d4 e6 3. e5 b6 4. g3 Bb4+ 5. c3 Ba5 6. b4 Bxb4 7. Nf3 a5 8. Bd3 d5
9. cxb4 axb4 10. O-O Nf6 11. exf6 gxf6 12. Bb5+ Kf8 13. Bd2 Bb7 14. Bxb4+ Kg8
15. Nfd2 c6 16. Bd3 Nd7 17. Bd6 b5 18. f4 f5 19. Be5 b4 20. Bxh8 Kxh8 21. Qxh5+
Kg8 22. Nf3 Nf6 23. Qh6 Ng4 24. Qg5+ Kf8 25. Ne5 Qe8 26. Qh5 f6 27. Ng6+ Kg8 28.
Qh8+ Kf7 29. Qh7# 1-0

[Event "Challenge"]
[Site "http://www.queenalice.com/game.php?id=683695"]
[Date "2009.11.15"]
[Round "-"]
[White "kingmartinIII"]
[Black "jettz"]
[Result "1-0"]
[WhiteElo "1442"]
[BlackElo "1076"]

1. e4 d6 2. d4 Be6 3. d5 Bd7 4. Bc4 Nf6 5. f3 g5 6. Bxg5 Nh5 7. Ne2 Ba4 8. b3
Bd7 9. Nf4 Ng7 10. O-O Rg8 11. Nc3 a6 12. a4 a5 13. Nfe2 c6 14. dxc6 Bxc6 15.
Nf4 Nd7 16. Qe1 Ne5 17. Qh4 Rh8 18. Bh6 Rb8 19. Qg3 Ne6 20. Bxf8 Rxf8 21. Bxe6
fxe6 22. Nxe6 Qc8 23. Nxf8 Kxf8 24. Ne2 Ke8 25. Nf4 Qd7 26. Qg8# 1-0

[Event "Challenge"]
[Site "http://www.queenalice.com/game.php?id=705921"]
[Date "2009.12.30"]
[Round "-"]
[White "kingmartinIII"]
[Black "jettz"]
[Result "1-0"]
[WhiteElo "1424"]
[BlackElo "1074"]

1. e4 b6 2. Nf3 g6 3. Bc4 Nh6 4. O-O d6 5. Ng5 Rg8 6. Nc3 Nc6 7. Bd5 Nb4 8. Bxa8
Ba6 9. Bd5 e5 10. Qf3 Nxc2 11. Rb1 Bxf1 12. Kxf1 Be7 13. Bxf7+ Kf8 14. Bxg8+
Kxg8 15. d3 d5 16. Nxd5 Bf8 17. Ne6 Qe8 18. Nf6+ Kh8 19. Nxe8 Be7 20. Bxh6 Kg8
21. Rc1 Nb4 22. Rxc7 Bh4 23. Qf8# 1-0

[Event "Challenge"]
[Site "http://www.queenalice.com/game.php?id=739287"]
[Date "2010.3.1"]
[Round "-"]
[White "kingmartinIII"]
[Black "jettz"]
[Result "1-0"]
[WhiteElo "1407"]
[BlackElo "1072"]

1. e4 b6 2. d4 g6 3. b3 e6 4. Nf3 Bb7 5. Bd3 Bg7 6. e5 Nh6 7. O-O Ng4 8. Nc3 Nc6
9. Bf4 h5 10. h3 Nh6 11. Ng5 Nxd4 12. Nb5 Nc6 13. Bg3 Ba6 14. Nc3 Bb7 15. Qf3
Qxg5 16. Ne4 Qd8 17. Bf4 Ng8 18. Ng5 Nge7 19. Be3 Rf8 20. c3 a6 21. a4 a5 22. b4
axb4 23. cxb4 Bxe5 24. Nh7 Rg8 25. Ng5 Qb8 26. Qxf7+ Kd8 27. Qh7 Rf8 28. Nf7+
Kc8 29. Ng5 Nxb4 30. Bxg6 Nc2 31. Rac1 Nb4 32. Qxe7 c6 33. Qxf8+ Kc7 34. Qe7 c5
35. f4 Bb2 36. Rcd1 Kc8 37. Qxd7# 1-0

[Event "Challenge"]
[Site "http://www.queenalice.com/game.php?id=789408"]
[Date "2010.6.13"]
[Round "-"]
[White "kingmartinIII"]
[Black "jettz"]
[Result "1-0"]
[WhiteElo "1440"]
[BlackElo "1068"]

1. e4 Nc6 2. Nf3 Nb4 3. d4 g6 4. a3 Nc6 5. d5 Na5 6. b4 d6 7. Bd3 Bg7 8. c3 b6
9. O-O Nb3 10. Qxb3 Bh6 11. Bb2 Bf4 12. c4 Bg4 13. Bxh8 Bc1 14. Rxc1 Nf6 15. Bg7
Nh5 16. Bh6 Bd7 17. Qc3 Bg4 18. Qh8+ Kd7 19. Qxh7 Kc8 20. Qxf7 Nf4 21. Bxf4 Qd7
22. Qxg6 Bxf3 23. gxf3 Qd8 24. e5 dxe5 25. Bxe5 Kb8 26. Nc3 Kb7 27. Qc6+ Ka6 28.
c5# 1-0

[Event "Challenge"]
[Site "http://www.queenalice.com/game.php?id=817980"]
[Date "2010.8.14"]
[Round "-"]
[White "jettz"]
[Black "rafa_sax88"]
[Result "0-1"]
[WhiteElo "1064"]
[BlackElo "1221"]

1. d4 Nc6 2. d5 Ne5 3. Bg5 Nf6 4. e3 d6 5. Bb5+ Bd7 6. a4 c6 7. Be2 cxd5 8. Nc3
Qa5 9. Kf1 Nfg4 10. Ra3 h6 11. Bf4 g5 12. Bg3 Nc4 13. Rb3 Ncxe3+ 14. Ke1 Nxd1
15. Kxd1 h5 16. Nxd5 Qxd5+ 17. Rd3 Qxg2 18. Nh3 Qxh1+ 19. Kd2 Nxh2 20. Rd5 Qxd5+
21. Kc3 Rc8+ 22. Kb4 Qd2+ 23. Ka3 Qxe2 24. Bxh2 Qf3+ 25. Ka2 Qxh3 26. Bg1 Be6+
27. Kb1 Qh1 28. Ka1 Qxg1# 0-1